[Event "67. Provinciale PD"]
[Site "Monselice ITA"]
[Date "2007.01.14"]
[Round "5.4"]
[White "Marson, Luca"]
[Black "De Marchi, Alessandro"]
[Result "1-0"]
[WhiteElo "1926"]
[BlackElo "1561"]
[Annotator "Gabriele Ballarin"]
[PlyCount "51"]
[EventDate "2007.01.12"]
[EventType "swiss"]
[EventRounds "5"]
[EventCountry "ITA"]

1. e4 c5 2. Nf3 d6 3. d4 cxd4 4. Nxd4 Nf6 5. Nc3 a6 6. Be3 e6 7. Qd2 b5 8. f3 Be7 9. g4 O-O 10. O-O-O Bb7 11. g5 Nfd7 12. Rg1 Nc6 13. h4 Rc8 14. h5 Nxd4 15. Bxd4 b4 16. Na4 e5 17. Be3 Qa5 18. b3 Rxc2+ 19. Kxc2 Rc8+ 20. Kb1 Bc6 21. Rc1 Nc5 22. Nxc5 dxc5 23. g6 Rd8 24. gxf7+ Kxf7 25. Qg2 Bf8 26. Bxc5 1-0

[Event "67. Provinciale PD"]
[Site "Monselice ITA"]
[Date "2007.01.14"]
[Round "5.5"]
[White "Bressan, Paolo"]
[Black "Quaranta, Gaetano"]
[Result "1-0"]
[WhiteElo "1484"]
[BlackElo "1830"]
[Annotator "Gabriele Ballarin"]
[PlyCount "74"]
[EventDate "2007.01.12"]
[EventType "swiss"]
[EventRounds "5"]
[EventCountry "ITA"]

1. e4 e5 2. b3 Nf6 3. d3 Bc5 4. Be2 Nc6 5. c3 a5 6. Nf3 O-O 7. Bb2 d6 8. O-O Be6 9. h3 Ne7 10. Qc2 Ng6 11. Bc1 Qc8 12. Ng5 Bd7 13. Kh2 h6 14. Nf3 Nf4 15. Bxf4 exf4 16. d4 Ba7 17. Nbd2 Re8 18. Bd3 c5 19. d5 b5 20. c4 bxc4 21. Nxc4 Bb8 22. Rae1 a4 23. Nb6 axb3 24. axb3 Qb7 25. Nxa8 Qxa8 26. Qc1 Qb7 27. Bc4 Rxe4 28. Rxe4 Nxe4 29. Qxf4 Nf6 30. Qe3 Nxd5 31. Bxd5 Qxd5 32. Nd2 Be6 33. Ne4 Qb7 34. Kh1 d5 35. Nd2 d4 36. Qd3 g6 37. Ne4 Ba7 {Nur} 1-0

[Event "67. Provinciale PD"]
[Site "Monselice ITA"]
[Date "2007.01.14"]
[Round "5.6"]
[White "Biserni, Federica"]
[Black "Calicchia, Giovanni"]
[Result "0-1"]
[WhiteElo "1392"]
[BlackElo "1775"]
[Annotator "Gabriele Ballarin"]
[PlyCount "34"]
[EventDate "2007.01.12"]
[EventType "swiss"]
[EventRounds "5"]
[EventCountry "ITA"]

1. e4 c5 2. Nf3 Nc6 3. d4 cxd4 4. Nxd4 Qc7 5. Nc3 e6 6. Be2 Nf6 7. O-O a6 8. Be3 b5 9. a3 Bb7 10. f3 Rc8 11. Qd2 Be7 12. Rad1 O-O 13. Bd3 Rfd8 14. Nb3 d5 15. Qf2 d4 16. Nxd4 Nxd4 17. b4 Qxc3 0-1

[Event "67. Provinciale PD"]
[Site "Monselice ITA"]
[Date "2007.01.14"]
[Round "5.7"]
[White "Corvino, Giuseppe"]
[Black "Liberi, Michele"]
[Result "1-0"]
[WhiteElo "1440"]
[BlackElo "1440"]
[Annotator "Gabriele Ballarin"]
[PlyCount "81"]
[EventDate "2007.01.12"]
[EventType "swiss"]
[EventRounds "5"]
[EventCountry "ITA"]

1. e4 e6 2. d4 d5 3. e5 c5 4. c3 Nc6 5. Nf3 a6 6. Nbd2 b5 7. a3 Qb6 8. Nb3 c4 9. Nbd2 a5 10. b3 Bb7 11. bxc4 dxc4 12. Rb1 a4 13. Nxc4 Qc7 14. Ne3 Na7 15. Qc2 Bc6 16. Be2 Be7 17. O-O Rc8 18. Rd1 Bxf3 19. Bxf3 Qxc3 20. Qe4 Qc7 21. d5 Bc5 22. d6 Qd7 23. Be2 Rb8 24. Nc4 Nh6 25. Be3 Bxe3 26. Nxe3 O-O 27. Rdc1 Rfc8 28. Rxc8+ Rxc8 29. h3 f6 30. f4 fxe5 31. Qxe5 Nf7 32. Bxb5 Nxe5 33. Bxd7 Nxd7 34. Rb7 Rd8 35. Rxa7 Nc5 36. Nc4 Ne4 37. d7 Kf8 38. Ne5 Nd6 39. Rc7 g6 40. Nc6 Rxd7 41. Rxd7 1-0

[Event "67. Provinciale PD"]
[Site "Monselice ITA"]
[Date "2007.01.14"]
[Round "5.8"]
[White "Pinton, Roberto"]
[Black "Ciancio, Mario"]
[Result "0-1"]
[WhiteElo "1440"]
[BlackElo "1488"]
[Annotator "Gabriele Ballarin"]
[PlyCount "58"]
[EventDate "2007.01.12"]
[EventType "swiss"]
[EventRounds "5"]
[EventCountry "ITA"]

1. e4 e5 2. Nf3 Nc6 3. Nc3 Nf6 4. d4 exd4 5. Nxd4 Bb4 6. a3 Bxc3+ 7. bxc3 Nxe4 8. Qe2 Qe7 9. Nf5 Qe5 10. Qe3 Qxf5 11. Bd3 Qxf2+ 12. Qxf2 Nxf2 13. Kxf2 O-O 14. Re1 d6 15. c4 Ne5 16. Re4 Bf5 17. Re3 Ng4+ 18. Ke2 Nxe3 19. Bxe3 Bxd3+ 20. cxd3 Rfe8 21. Kd2 Re6 22. c5 dxc5 23. Bxc5 b6 24. Bf2 Rae8 25. Re1 Rxe1 26. Bxe1 Re5 27. Bg3 Rg5 28. Ke3 c6 29. Kf4 Ra5 0-1

[Event "67.ITA Provinciale VE"]
[Site "Santa Maria di Sala"]
[Date "2007.01.27"]
[Round "1.1"]
[White "Pechy, Alaster"]
[Black "Civitareale, Alberto"]
[Result "1-0"]
[WhiteElo "2168"]
[BlackElo "1661"]
[Annotator "Gabriele Ballarin"]
[PlyCount "31"]
[EventDate "2007.01.27"]
[EventType "swiss"]
[EventRounds "6"]
[EventCountry "ITA"]

1. d4 d5 2. c4 e6 3. Nc3 Nf6 4. Bg5 Be7 5. e3 O-O 6. Nf3 Ne4 7. Bxe7 Nxc3 8. Bxd8 Nxd1 9. Be7 Re8 10. Ba3 Nxf2 11. Kxf2 b6 12. Rc1 Bb7 13. cxd5 Bxd5 14. Rxc7 Bxa2 15. Bb5 Rd8 16. Be7 1-0

[Event "67.ITA Provinciale VE"]
[Site "Santa Maria di Sala"]
[Date "2007.01.27"]
[Round "1.2"]
[White "Biagioli, Valerio"]
[Black "Vianello, Enrico"]
[Result "0-1"]
[WhiteElo "1628"]
[BlackElo "2150"]
[Annotator "Gabriele Ballarin"]
[PlyCount "56"]
[EventDate "2007.01.27"]
[EventType "swiss"]
[EventRounds "6"]
[EventCountry "ITA"]

1. d4 d5 2. c4 Nc6 3. Nc3 dxc4 4. d5 Ne5 5. e4 e6 6. Bxc4 Nxc4 7. Qa4+ Bd7 8. Qxc4 e5 9. Nge2 Nf6 10. f4 Bd6 11. O-O a6 12. fxe5 Bxe5 13. Bf4 Qe7 14. Nd4 O-O 15. Bxe5 Qxe5 16. Nf3 Qf4 17. g3 Qe3+ 18. Kh1 Bg4 19. Ne5 Bh3 20. Rf3 Qd2 21. Rg1 h5 22. Nd3 Ng4 23. Nf2 Nxf2+ 24. Rxf2 Qxf2 25. Qd3 Rfe8 26. Ne2 Bg4 27. Nf4 Bf3+ 28. Ng2 Rxe4 0-1

[Event "67.ITA Provinciale VE"]
[Site "Santa Maria di Sala"]
[Date "2007.01.28"]
[Round "1.3"]
[White "Bianchi, Andrea"]
[Black "Goattin, Luca"]
[Result "1-0"]
[WhiteElo "2140"]
[BlackElo "1600"]
[Annotator "Gabriele Ballarin"]
[PlyCount "39"]
[EventDate "2007.01.27"]
[EventType "swiss"]
[EventRounds "6"]
[EventCountry "ITA"]

1. e4 e5 2. Nf3 Nc6 3. Bc4 Bc5 4. c3 Nf6 5. b4 Bb6 6. d3 d6 7. a4 a6 8. O-O h6 9. Re1 Bg4 10. h3 Bh5 11. Nbd2 O-O 12. Nf1 Re8 13. Ng3 Bg6 14. Ba2 Qd7 15. Nh4 Bh7 16. Qf3 Qe7 17. Ngf5 Bxf5 18. Nxf5 Qd8 19. Qg3 Nh5 20. Qg6 1-0

[Event "67.ITA Provinciale VE"]
[Site "Santa Maria di Sala"]
[Date "2007.01.27"]
[Round "1.4"]
[White "Polese, Marco"]
[Black "Cedriano, Filippo"]
[Result "1/2-1/2"]
[WhiteElo "1598"]
[BlackElo "2029"]
[Annotator "Gabriele Ballarin"]
[PlyCount "59"]
[EventDate "2007.01.27"]
[EventType "swiss"]
[EventRounds "6"]
[EventCountry "ITA"]

1. d4 e6 2. Nf3 Nf6 3. g3 b6 4. Bg2 Bb7 5. O-O Be7 6. Nbd2 O-O 7. b3 a5 8. c4 d6 9. Re1 Nbd7 10. Bb2 Ne4 11. Nxe4 Bxe4 12. Ne5 Bxg2 13. Nxd7 Qxd7 14. Kxg2 f5 15. e4 f4 16. f3 Qe8 17. Qe2 Qg6 18. g4 h5 19. h3 Rae8 20. Rac1 c5 21. Rcd1 Rd8 22. d5 e5 23. a4 Bh4 24. Rh1 Kf7 25. Bc3 Ke7 26. Be1 Qg5 27. Bxh4 Qxh4 28. Qf2 Qf6 29. Kf1 h4 30. Ke2 1/2-1/2

[Event "67.ITA Provinciale VE"]
[Site "Santa Maria di Sala"]
[Date "2007.01.27"]
[Round "1.5"]
[White "Bettera, Roberto"]
[Black "Fano, Gabriel"]
[Result "1-0"]
[WhiteElo "2023"]
[BlackElo "1536"]
[Annotator "Roberto Bettera"]
[PlyCount "65"]
[EventDate "2007.01.27"]
[EventType "swiss"]
[EventRounds "6"]
[EventCountry "ITA"]
[SourceTitle "Inf 22"]

1. d4 Nf6 2. Nf3 d6 3. c4 g6 4. Nc3 Bg7 5. e4 O-O 6. Be2 Nbd7 7. Be3 c6 8. h3 Qa5 9. Nd2 e5 10. d5 Nc5 11. Rb1 Ncxe4 12. Ncxe4 Nxe4 13. b4 Nxf2 14. bxa5 Nxd1 15. Bxd1 cxd5 16. cxd5 Rd8 17. O-O f5 18. Bg5 Rd7 19. Ba4 Rf7 20. Rfc1 h6 21. Be3 Bd7 22. Bxd7 Rxd7 23. g3 g5 24. Rc4 b6 25. a6 f4 26. Bf2 Re8 27. Ne4 Kf7 28. g4 Kg6 29. Rbc1 h5 30. Rc6 Red8 31. Rc7 hxg4 32. hxg4 Bf6 33. Rb7 1-0

[Event "67.ITA Provinciale VE"]
[Site "Santa Maria di Sala"]
[Date "2007.01.27"]
[Round "1.6"]
[White "Franceschini, Corrado"]
[Black "Velluti, Alberto"]
[Result "0-1"]
[WhiteElo "1527"]
[BlackElo "1997"]
[Annotator "Gabriele Ballarin"]
[PlyCount "38"]
[EventDate "2007.01.27"]
[EventType "swiss"]
[EventRounds "6"]
[EventCountry "ITA"]

1. e4 c5 2. Nf3 Nc6 3. d4 cxd4 4. Nxd4 e5 5. Nb3 Nf6 6. Bg5 Be7 7. Bd3 O-O 8. Nc3 Nxe4 9. Nxe4 Bxg5 10. h4 Bh6 11. Nd6 Qe7 12. Nf5 Qf6 13. g4 e4 14. Bxe4 Re8 15. f3 Bf4 16. Kf2 d6 17. g5 Qe5 18. Re1 Bxf5 19. Bxf5 Bg3+ 0-1

[Event "67.ITA Provinciale VE"]
[Site "Santa Maria di Sala"]
[Date "2007.01.27"]
[Round "1.7"]
[White "Trangoni, Bruno"]
[Black "Casagrande, Corrado"]
[Result "1-0"]
[WhiteElo "1970"]
[BlackElo "1523"]
[Annotator "Gabriele Ballarin"]
[PlyCount "105"]
[EventDate "2007.01.27"]
[EventType "swiss"]
[EventRounds "6"]
[EventCountry "ITA"]

1. Nf3 d5 2. d4 Nf6 3. e3 Bg4 4. c4 e6 5. Qb3 b6 6. Ne5 Bd6 7. Nxg4 Nxg4 8. Be2 Nf6 9. Nc3 c6 10. c5 Bc7 11. a4 Nbd7 12. cxb6 axb6 13. Qc2 c5 14. dxc5 bxc5 15. Nb5 Ba5+ 16. Bd2 Bxd2+ 17. Qxd2 Ne4 18. Qc2 Qa5+ 19. Kf1 c4 20. f3 Nd2+ 21. Kf2 Nb3 22. Ra3 Ndc5 23. Nd6+ Ke7 24. Nxc4 dxc4 25. Bxc4 Qd2+ 26. Qxd2 Nxd2 27. Bb5 Rhd8 28. b4 Rdb8 29. Bc6 Ra6 30. Bb5 Ra7 31. Rd1 Ncb3 32. Ke2 Rxb5 33. Rxb3 Nxb3 34. axb5 Rd7 35. b6 Rxd1 36. Kxd1 Kd7 37. Kc2 Na1+ 38. Kb2 Kc6 39. b7 Kxb7 40. Kxa1 Kc6 41. Kb2 e5 42. e4 h6 43. Kc3 Kb5 44. h4 g6 45. g4 h5 46. gxh5 gxh5 47. Kb3 Kb6 48. Kc4 Kc6 49. b5+ Kb6 50. Kb4 Kb7 51. Kc5 Kc7 52. b6+ Kd7 53. Kd5 1-0

[Event "67.ITA Provinciale VE"]
[Site "Santa Maria di Sala"]
[Date "2007.01.27"]
[Round "1.10"]
[White "Di Fresco, Michele"]
[Black "Pomaro, Stefano"]
[Result "0-1"]
[WhiteElo "1440"]
[BlackElo "1901"]
[Annotator "Gabriele Ballarin"]
[PlyCount "56"]
[EventDate "2007.01.27"]
[EventType "swiss"]
[EventRounds "6"]
[EventCountry "ITA"]

1. d4 Nf6 2. Nf3 c5 3. e3 Nc6 4. c4 cxd4 5. exd4 d5 6. Nc3 e6 7. Bg5 Be7 8. cxd5 Nxd5 9. Bxe7 Ndxe7 10. Bc4 O-O 11. O-O b6 12. d5 Na5 13. Bb3 Nxb3 14. Qxb3 Nxd5 15. Rfd1 Bb7 16. Rac1 Qf6 17. Ne4 Qg6 18. Nd6 Nf4 19. g3 Ne2+ 20. Kg2 Nxc1 21. Rxc1 Bd5 22. Qc2 Qg4 23. Qd3 Rfd8 24. Nb5 Be4 25. Qe2 Rd3 26. Rc3 Bxf3+ 27. Qxf3 Qxf3+ 28. Kf1 Rd1# 0-1

[Event "67.ITA Provinciale VE"]
[Site "Santa Maria di Sala"]
[Date "2007.01.27"]
[Round "1.12"]
[White "Chiodini, Sebastiano"]
[Black "Zanetto, Marco"]
[Result "1-0"]
[WhiteElo "1428"]
[BlackElo "1822"]
[Annotator "Gabriele Ballarin"]
[PlyCount "37"]
[EventDate "2007.01.27"]
[EventType "swiss"]
[EventRounds "6"]
[EventCountry "ITA"]

1. e4 e5 2. Nf3 Nc6 3. Bc4 Nf6 4. Ng5 Nxe4 5. Bxf7+ Ke7 6. d3 Nf6 7. Bb3 d5 8. Nc3 h6 9. Nf3 Kf7 10. h3 Bc5 11. O-O Re8 12. Be3 Bxe3 13. fxe3 Na5 14. Ba4 Nc6 15. d4 exd4 16. Nxd4 Qd6 17. Qf3 Kg8 18. Nxd5 Qxd5 19. Bb3 1-0

[Event "67.ITA Provinciale VE"]
[Site "Santa Maria di Sala"]
[Date "2007.01.27"]
[Round "1.13"]
[White "Chiesa, Roberto"]
[Black "De Col, Daniele"]
[Result "1-0"]
[WhiteElo "1665"]
[BlackElo "1424"]
[Annotator "Gabriele Ballarin"]
[PlyCount "31"]
[EventDate "2007.01.27"]
[EventType "swiss"]
[EventRounds "6"]
[EventCountry "ITA"]

1. d4 d5 2. c4 c6 3. Nc3 Nf6 4. Nf3 Bg4 5. Ne5 Bf5 6. cxd5 cxd5 7. Qb3 Qb6 8. Qxb6 axb6 9. e3 Nc6 10. Bb5 Rc8 11. f3 g6 12. g4 Be6 13. g5 Nd7 14. Nxd7 Bxd7 15. Nxd5 Rd8 16. Nc7# 1-0

[Event "67.ITA Provinciale VE"]
[Site "Santa Maria di Sala"]
[Date "2007.01.27"]
[Round "1.14"]
[White "Camilla, Giulio"]
[Black "Ballarin, Pietro"]
[Result "1-0"]
[WhiteElo "1407"]
[BlackElo "1664"]
[Annotator "Gabriele Ballarin"]
[PlyCount "65"]
[EventDate "2007.01.27"]
[EventType "swiss"]
[EventRounds "6"]
[EventCountry "ITA"]

1. c4 c6 2. Nc3 d5 3. d4 Nf6 4. g3 e6 5. Bg2 dxc4 6. e4 Be7 7. Nge2 b5 8. Nf4 a6 9. Be3 Bb7 10. O-O O-O 11. e5 Nd5 12. Ncxd5 cxd5 13. Qg4 Nd7 14. Bh3 Qb6 15. Nxe6 g6 16. Nxf8 Nxf8 17. Qe2 a5 18. Rab1 b4 19. Qc2 Qc6 20. Rfc1 Rc8 21. Bxc8 Bxc8 22. Qd2 Bh3 23. Bg5 Bxg5 24. Qxg5 Ne6 25. Qe3 Nc5 26. g4 Bxg4 27. dxc5 Bf5 28. Ra1 Be4 29. f3 Bd3 30. Rd1 d4 31. Qxd4 Qxf3 32. Qd8+ Kg7 33. Qf6+ 1-0

[Event "67.ITA Provinciale VE"]
[Site "Santa Maria di Sala"]
[Date "2007.01.28"]
[Round "2.1"]
[White "Chiesa, Roberto"]
[Black "Pechy, Alaster"]
[Result "1/2-1/2"]
[WhiteElo "1665"]
[BlackElo "2168"]
[Annotator "Gabriele Ballarin"]
[PlyCount "61"]
[EventDate "2007.01.27"]
[EventType "swiss"]
[EventRounds "6"]
[EventCountry "ITA"]

1. d4 Nf6 2. c4 g6 3. Nc3 Bg7 4. e4 d6 5. f4 O-O 6. Nf3 c5 7. Be2 cxd4 8. Nxd4 Nc6 9. Be3 Bd7 10. O-O Nxd4 11. Bxd4 Bc6 12. Bf3 e5 13. fxe5 dxe5 14. Be3 Qa5 15. Qe2 Rfd8 16. a3 Be8 17. Rfd1 Qc7 18. Rac1 Rac8 19. Nd5 Nxd5 20. cxd5 Qb8 21. Rxc8 Rxc8 22. Bg4 Rd8 23. Qf2 b6 24. Bg5 Ba4 25. Rf1 f6 26. Be6+ Kh8 27. Bxf6 Rf8 28. Bxg7+ Kxg7 29. Qxf8+ Qxf8 30. Rxf8 Kxf8 31. Kf2 1/2-1/2

[Event "67.ITA Provinciale VE"]
[Site "Santa Maria di Sala"]
[Date "2007.01.28"]
[Round "2.2"]
[White "Vianello, Enrico"]
[Black "Urbinati, Niccolò"]
[Result "1-0"]
[WhiteElo "2150"]
[BlackElo "1503"]
[Annotator "Gabriele Ballarin"]
[PlyCount "71"]
[EventDate "2007.01.27"]
[EventType "swiss"]
[EventRounds "6"]
[EventCountry "ITA"]

1. Nf3 d5 2. d4 Nf6 3. c4 dxc4 4. e3 c5 5. Bxc4 Bg4 6. Bxf7+ Kxf7 7. Ne5+ Ke8 8. Nxg4 cxd4 9. exd4 Nc6 10. Be3 h5 11. Nxf6+ exf6 12. O-O Be7 13. Nc3 Kf7 14. Qb3+ Kg6 15. Rfd1 Qd7 16. d5 Ne5 17. d6 Bxd6 18. Ne4 Nf7 19. Nxd6 Nxd6 20. Qd3+ Kf7 21. Qxd6 Qxd6 22. Rxd6 Rhe8 23. Rd7+ Re7 24. Rad1 b6 25. h4 Ke8 26. Rxe7+ Kxe7 27. a4 Rd8 28. Rxd8 Kxd8 29. Kf1 Kd7 30. Ke2 Ke6 31. Kd3 Kd5 32. f3 (32. b3 f5 33. b4 g6 34. b5 Ke5 35. Kc4 Ke6 36. Bf4) 32... f5 33. b4 g6 34. b5 Ke5 35. Kc4 Ke6 36. Bf4 {1-0 Vianello,E (2150)-Urbinati,N (1503)/Salta Maria di Sala 2007} 1-0

[Event "67.ITA Provinciale VE"]
[Site "Santa Maria di Sala"]
[Date "2007.01.28"]
[Round "2.4"]
[White "Velluti, Alberto"]
[Black "Chiodini, Sebastiano"]
[Result "1-0"]
[WhiteElo "1997"]
[BlackElo "1428"]
[Annotator "Gabriele Ballarin"]
[PlyCount "27"]
[EventDate "2007.01.27"]
[EventType "swiss"]
[EventRounds "6"]
[EventCountry "ITA"]

1. e4 e5 2. Bc4 Nf6 3. Nf3 Nc6 4. O-O Bc5 5. c3 O-O 6. d4 exd4 7. cxd4 Bb6 8. e5 Ne8 9. d5 Na5 10. Bd3 d6 11. b4 dxe5 12. bxa5 Bxa5 13. Nxe5 Qxd5 14. Bxh7+ 1-0

[Event "67.ITA Provinciale VE"]
[Site "Santa Maria di Sala"]
[Date "2007.01.28"]
[Round "2.5"]
[White "Biserni, Federica"]
[Black "Marson, Luca"]
[Result "0-1"]
[WhiteElo "1392"]
[BlackElo "1926"]
[Annotator "Gabriele Ballarin"]
[PlyCount "54"]
[EventDate "2007.01.27"]
[EventType "swiss"]
[EventRounds "6"]
[EventCountry "ITA"]

1. e4 g6 2. d4 Bg7 3. Nf3 d6 4. c3 Nf6 5. Bd3 O-O 6. h3 c6 7. O-O Nbd7 8. Bg5 b5 9. Nbd2 Bb7 10. Nb3 a6 11. Qd2 c5 12. dxc5 dxc5 13. Bxf6 Bxf6 14. Bc2 Bc6 15. Rad1 Qc7 16. Qe3 Bb7 17. Rd2 Rac8 18. Rfd1 Nb6 19. Na5 Ba8 20. Qh6 Bg7 21. Qh4 Rcd8 22. Rxd8 Rxd8 23. Nb3 Rxd1+ 24. Bxd1 Nc4 25. Be2 Nxb2 26. Nfd2 Bxc3 27. f4 c4 0-1

[Event "67.ITA Provinciale VE"]
[Site "Santa Maria di Sala"]
[Date "2007.01.28"]
[Round "2.6"]
[White "Pomaro, Stefano"]
[Black "Camilla, Giulio"]
[Result "1-0"]
[WhiteElo "1901"]
[BlackElo "1407"]
[Annotator "Gabriele Ballarin"]
[PlyCount "37"]
[EventDate "2007.01.27"]
[EventType "swiss"]
[EventRounds "6"]
[EventCountry "ITA"]

1. e4 d6 2. d4 Nf6 3. Nc3 g6 4. f3 Bg7 5. Be3 O-O 6. Qd2 e5 7. O-O-O exd4 8. Bxd4 h6 9. g4 Kh7 10. Be3 Ng8 11. h4 Nc6 12. Nh3 Ne5 13. Be2 Kh8 14. Rdg1 f6 15. f4 Nf7 16. f5 Ne7 17. g5 Kh7 18. fxg6+ Nxg6 19. h5 1-0

[Event "67.ITA Provinciale VE"]
[Site "Santa Maria di Sala"]
[Date "2007.01.28"]
[Round "2.7"]
[White "Cedriano, Filippo"]
[Black "Roberti, Ignazio"]
[Result "1-0"]
[WhiteElo "2020"]
[BlackElo "1933"]
[Annotator "Gabriele Ballarin"]
[PlyCount "61"]
[EventDate "2007.01.27"]
[EventType "swiss"]
[EventRounds "6"]
[EventCountry "ITA"]

1. e4 c5 2. c3 Nf6 3. e5 Nd5 4. d4 cxd4 5. cxd4 e6 6. Nf3 Nc6 7. Nc3 d6 8. exd6 Bxd6 9. Bc4 Nb6 10. Bb3 O-O 11. O-O e5 12. dxe5 Nxe5 13. Ne4 Nxf3+ 14. Qxf3 Be5 15. Qh5 Qc7 16. Ng5 Bf5 17. Nxf7 Rxf7 18. Qxf5 Bxh2+ 19. Kh1 Nc4 20. Qd5 Ne5 21. Qe4 Re8 22. Qh4 Nd3 23. Qxh2 Nxf2+ 24. Rxf2 Re1+ 25. Qg1 Qa5 26. Bxf7+ Kh8 27. Bd2 Rxg1+ 28. Kxg1 Qb6 29. Bc3 h6 30. Re1 Kh7 31. Re6 1-0

[Event "67.ITA Provinciale VE"]
[Site "Santa Maria di Sala"]
[Date "2007.01.28"]
[Round "2.8"]
[White "Zanetto, Marco"]
[Black "Polese, Marco"]
[Result "1-0"]
[WhiteElo "1822"]
[BlackElo "1598"]
[Annotator "Gabriele Ballarin"]
[PlyCount "139"]
[EventDate "2007.01.27"]
[EventType "swiss"]
[EventRounds "6"]
[EventCountry "ITA"]

1. e4 b6 2. d4 e6 3. Bd3 Bb7 4. Nf3 Nf6 5. Nbd2 Na6 6. c3 c5 7. Qe2 Qc8 8. O-O cxd4 9. cxd4 Nb4 10. Bc4 a5 11. e5 Ng4 12. Ne4 h5 13. a3 Na6 14. Bg5 Qc6 15. Bd3 Be7 16. Rac1 Qa4 17. Nc3 Bxf3 18. gxf3 Qxd4 19. Bxe7 Kxe7 20. fxg4 hxg4 21. Qe4 Qxe4 22. Bxe4 Raf8 23. Na4 Rb8 24. Bd3 Nc5 25. Nxc5 bxc5 26. Rxc5 Rxb2 27. Rxa5 Rb3 28. Be2 Rbh3 29. Bxg4 Rxh2 30. Bf3 g5 31. Ra7 R2h4 32. Rd1 Rd8 33. a4 Rf4 34. Bc6 Rf5 35. Raxd7+ Rxd7 36. Rxd7+ Kf8 37. Rd3 Rxe5 38. Ra3 Ra5 39. Kg2 Ke7 40. Bb5 f5 41. Kf3 Kd6 42. Rc3 e5 43. Rc6+ Kd5 44. Ra6 Rxa6 45. Bxa6 e4+ 46. Kg3 Kc6 47. Bb5+ Kc5 48. Kg2 Kb4 49. Kf1 g4 50. Ke2 f4 51. Bd7 Ka5 52. Kd2 Kb4 53. Ke2 Ka5 54. Bxg4 Kxa4 55. Bf5 e3 56. f3 Kb4 57. Kd3 Kc5 58. Kc3 Kd5 59. Bd3 Kc5 60. Bc4 e2 61. Bxe2 Kd5 62. Kd3 Ke5 63. Kc4 Kf6 64. Kd4 Kf5 65. Kd5 Kf6 66. Ke4 Kg5 67. Ke5 Kg6 68. Kxf4 Kf6 69. Ke4 Kf7 70. Kf5 1-0

[Event "67.ITA Provinciale VE"]
[Site "Santa Maria di Sala"]
[Date "2007.01.28"]
[Round "2.9"]
[White "Fano, Gabriel"]
[Black "Tamburrini, Pierluigi"]
[Result "0-1"]
[WhiteElo "1536"]
[BlackElo "1852"]
[Annotator "Gabriele Ballarin"]
[PlyCount "42"]
[EventDate "2007.01.27"]
[EventType "swiss"]
[EventRounds "6"]
[EventCountry "ITA"]

1. e4 e6 2. d4 d5 3. exd5 exd5 4. Nc3 Nc6 5. Nf3 Bg4 6. Bb5 Qd6 7. h3 Qe6+ 8. Be3 Bf5 9. Ne5 Nge7 10. g4 Bg6 11. Nxg6 Nxg6 12. Qf3 Bb4 13. Bxc6+ Qxc6 14. Bd2 O-O-O 15. Qxf7 Rde8+ 16. Kd1 Bxc3 17. Bxc3 Rhf8 18. Qxg7 Qc4 19. Kc1 Rxf2 20. Rd1 Qe2 21. Bd2 Rf1 0-1

[Event "67.ITA Provinciale VE"]
[Site "Santa Maria di Sala"]
[Date "2007.01.28"]
[Round "2.10"]
[White "Ballarin, Pietro"]
[Black "Franceschini, Corrado"]
[Result "1-0"]
[WhiteElo "1664"]
[BlackElo "1527"]
[Annotator "Gabriele Ballarin"]
[PlyCount "61"]
[EventDate "2007.01.27"]
[EventType "swiss"]
[EventRounds "6"]
[EventCountry "ITA"]

1. e4 c5 2. Nf3 Nc6 3. d4 cxd4 4. Nxd4 Nf6 5. Nc3 d6 6. Be2 a6 7. O-O e5 8. Nf3 Be7 9. Bg5 O-O 10. Qd2 Be6 11. Rad1 Qa5 12. a3 Rfd8 13. h3 b5 14. Bxf6 Bxf6 15. Nd5 Bxd5 16. Qxd5 Qc7 17. c3 Rac8 18. Rd2 Ne7 19. Qd3 Ng6 20. g3 Qd7 21. Kg2 Be7 22. Rfd1 Qe6 23. Ne1 Bg5 24. Bg4 Qe7 25. Bxc8 Bxd2 26. Bxa6 Bf4 27. Bxb5 h5 28. Kh2 h4 29. Bc4 hxg3+ 30. fxg3 Kh7 31. Qf3 1-0

[Event "67.ITA Provinciale VE"]
[Site "Santa Maria di Sala"]
[Date "2007.01.28"]
[Round "2.11"]
[White "Civitareale, Alberto"]
[Black "Casagrande, Corrado"]
[Result "1/2-1/2"]
[WhiteElo "1661"]
[BlackElo "1523"]
[Annotator "Gabriele Ballarin"]
[PlyCount "75"]
[EventDate "2007.01.27"]
[EventType "swiss"]
[EventRounds "6"]
[EventCountry "ITA"]

1. e4 c5 2. Nf3 d6 3. d4 cxd4 4. Nxd4 Nf6 5. Nc3 g6 6. Bc4 Bg7 7. O-O O-O 8. Re1 a6 9. a3 b5 10. Bb3 Bb7 11. Kh1 Qb6 12. Be3 Qc7 13. f3 Nbd7 14. Qd2 Ne5 15. Bh6 Nc4 16. Bxc4 Qxc4 17. Bxg7 Kxg7 18. e5 dxe5 19. Rxe5 Rfd8 20. Nce2 Qc7 21. Qg5 Kh8 22. c3 Rd5 23. f4 Rxe5 24. fxe5 Ne4 25. Qf4 Kg8 26. Rf1 Bd5 27. Nf3 Qc4 28. Nfd4 Rc8 29. Qe3 Kg7 30. Kg1 h6 31. Ng3 Nxg3 32. Qxg3 Qc5 33. Qf4 Bc4 34. Rf3 Rh8 35. Kh1 Qb6 36. h3 Be6 37. Rf1 Bc4 38. Rf3 1/2-1/2

[Event "67.ITA Provinciale VE"]
[Site "Santa Maria di Sala"]
[Date "2007.01.28"]
[Round "2.13"]
[White "Goattin, Luca"]
[Black "Di Fresco, Michele"]
[Result "1-0"]
[WhiteElo "1600"]
[BlackElo "1440"]
[Annotator "Gabriele Ballarin"]
[PlyCount "71"]
[EventDate "2007.01.27"]
[EventType "swiss"]
[EventRounds "6"]
[EventCountry "ITA"]

1. e4 c6 2. d4 d5 3. Nc3 Nf6 4. e5 Ne4 5. Nxe4 dxe4 6. Bc4 Bf5 7. Ne2 e6 8. Ng3 Bg6 9. O-O Nd7 10. Re1 c5 11. c3 Nb6 12. Bb5+ Nd7 13. Nxe4 Bxe4 14. Rxe4 a6 15. Ba4 b5 16. Bc2 c4 17. Qf3 Ra7 18. Qg3 g6 19. Bg5 Be7 20. Bh6 Bf8 21. Bxf8 Nxf8 22. Rd1 Rd7 23. a4 Rd5 24. axb5 axb5 25. Ra1 Nd7 26. h4 h5 27. Rf4 g5 28. hxg5 Rg8 29. g6 f6 30. exf6 Nxf6 31. Qf3 Ng4 32. Be4 e5 33. Bxd5 exf4 34. Ra8 Qxa8 35. Bxa8 Rxg6 36. Qe4+ 1-0

[Event "67.ITA Provinciale VE"]
[Site "Santa Maria di Sala"]
[Date "2007.01.28"]
[Round "3.1"]
[White "Marson, Luca"]
[Black "Vianello, Enrico"]
[Result "0-1"]
[WhiteElo "1926"]
[BlackElo "2150"]
[Annotator "Gabriele Ballarin"]
[PlyCount "54"]
[EventDate "2007.01.27"]
[EventType "swiss"]
[EventRounds "6"]
[EventCountry "ITA"]

1. e4 d6 2. d4 Nf6 3. Nc3 e5 4. Nf3 Nbd7 5. Bc4 Be7 6. O-O O-O 7. Be3 c6 8. a4 b6 9. Qe2 Re8 10. Ng5 Rf8 11. Nf3 Qc7 12. Rad1 h6 13. Nh4 exd4 14. Bxd4 Ne5 15. Bxe5 dxe5 16. Ng6 Bg4 17. Nxe7+ Qxe7 18. f3 Be6 19. Bxe6 Qxe6 20. Rd2 Rfd8 21. Rfd1 Qe7 22. Qc4 Rxd2 23. Rxd2 Rd8 24. Rxd8+ Qxd8 25. Qxc6 Qd2 26. Qc8+ Kh7 27. Qf5+ g6 0-1